000 00627nam a22001935i 4500
001 157663
003 ES-MaACL
005 20230906210811.0
008 040906s1866 gw |||| | ger d
040 _aCAM
_bspa
_cCAM
100 1 _aLever, Charles.
_9128919
245 1 0 _aTony Butler /
_cby Charles Lever.
260 _aLeipzig :
_bBernhard Tauchnitz,
_c1866.
300 _a2 v. (371; 350 p.) ;
_c16 cm.
490 1 _aCollection of British Authors ;
_v866; 867
830 0 _aCollection of British Authors ;
_v866; 867
_9180703
852 _aES-MaACL
_jG-12634
_z-- Enc. hol.
_z-- Enc. 2 t. en 1 v.
999 _c157663
_d157663